000 00610nam a2200205 i 4500
001 54322
003 ES-MaACL
005 20230906162933.0
007 t|
008 031205s1909 fr ||||1| fre d
100 1 _aMatter, Florent.
_979116
245 1 0 _aPaul Déroulède
_b: biographie critique... /
_cpar Florent-Matter.
260 _aParis :
_bE. Sansot,
_c1909.
300 _a62 p. :
_bretr. ;
_c19 cm.
490 1 _aLes célébrités d'aujourd'hui
600 0 4 _aDéroulède, Paul.
_943793
830 0 _aLes célébrités d'aujourd'hui
_9180788
852 _aES-MaACL
_jD-760(1)
999 _c54322
_d54322